000 00306nam a2200133Ia 4500
005 20251222140031.0
008 251222s1900||||xx |||||||||||||| ||spa||
082 _a149.94/D59G/Ej.2
100 _aDerrida, Jacques
245 0 _aDe la Gramatología
250 _a4a.ed.
264 _bSiglo XXI
942 _cLIB
999 _c2950
_d2950